000 00471nam a22001577a 4500
005 20180403104822.0
008 180403b xxu||||| |||| 00| 0 eng d
020 _a9781784530975
040 _cPK-LaUMT
082 _a956.92
_bBAY-H
100 _aBayeh, Joseph
245 _aA history of stability and change in Lebanon :
_bforeign interventions and internaitonal relations/
_cJoseph Bayeh
260 _aLondon :
_bI. B. Tauris,
_c2017
300 _a233 p.
942 _cBK
999 _c104117
_d104117